000 00870nam a2200253 a 4500
001 837
003 BR-CuiBMT
005 20231121025237.0
008 230824s2023 spba 000 0 por d
020 _a9786555898446
040 _aBR-CuiBMT
_cBR-CuiBMT
080 _22007
_a347.91/.95
090 _a347.91/.95
_bP963
245 0 0 _aProcesso civil :
_bquestões controversas /
_cJoão Batista Lopes ... [et al.] coordenadores ; [autores Alexandre Araújo Costa ... et al.].
260 _aSão Paulo :
_bD'Plácido,
_c2023.
300 _a1013 p. :
_bil. ;
_c23 cm
500 _aEstudos em homenagem ao professor Olavo de Oliveira Neto.
500 _aVários autores.
504 _aInclui bibliografia.
650 _aDireito processual civil
700 1 _aLopes, João Batista
_4et al.
_4coord.
700 1 _aCosta, Alexandre Araújo
_eet al.
_eautores
942 _2udc
_cLV
999 _c837
_d837